Gaming Quiz

Random Gaming or Nintendo Quiz
Score 0/20 Timer 03:00
0 Plays Today
Hint Answer % Correct
6Latios
53.5%
8Darkrai
53.5%
4Smeargle
51.2%
4Sketch
51.2%
6Luster Purge
51.2%
8Dark Void
51.2%
9Shaymin
44.2%
9Seed Flare
44.2%
1Kadabra
32.6%
1Kinesis
32.6%
Hint Answer % Correct
2Octillery
27.9%
2Octazooka
27.9%
7Chatot
27.9%
7Chatter
27.9%
5Miltank
25.6%
5Milk Drink
25.6%
3Skarmory
16.3%
3Steel Wing
14%
10Solosis
7%
10Skill Swap
7%
Remove Ads.
Support Sporcle.
Get the best of Sporcle when you Go Orange. This ad-free experience offers more features, more stats, and more fun while also helping to support Sporcle. Thank you for becoming a member.

You're not logged in!

Compare scores with friends on all Sporcle quizzes.
OR
Log In

Show Comments

Extras

Created Oct 19, 2013ReportNominate
Tags:Nintendo Quiz, Pokémon Quiz

Top Quizzes Today


Score Distribution

Your Account Isn't Verified!

In order to create a playlist on Sporcle, you need to verify the email address you used during registration. Go to your Sporcle Settings to finish the process.

Report this User

Report this user for behavior that violates our Community Guidelines.

Details: